Quizzes
Events
Quiz Creation
Community
Videos
Private Events
Remove Ads
Sign In
Join for FREE
Feedback
Dark Mode
Quiz Categories
Sports
Geography
Music
Movies
Television
Just For Fun
Miscellaneous
History
Literature
Language
Science
Gaming
Entertainment
Religion
Holiday
For Kids
Quiz Lab
Recent
Popular Today
Quiz Kudos Today
Editor Picks
Curator Picks
Quizzes by...
Day
Popularity
Type
Ratings
Length
Year
Community
Subscriptions
Recent Discussions
Orange Saloon
Badges
Playlists
Quests
Create
Leaderboards
Showdown
Live 5
Trivia Bingo
Activity
Puzzle Library
Sporcle Events
Private Events
Virtual Trivia
Globe League
Become a Host
Pub Owners
SporcleCon
Opinionation
Our Games
Videos
Blog
Mobile Apps
Partnerships
Remove Ads and Go Orange
Feedback
Sports
Athletes
MLB
NBA
NHL
NFL
Soccer
Sports Teams
WWE
NCAA
Football
Premier League
Basketball
Baseball
Hockey
Golf
Tennis
Cricket
Rugby
Auto Racing
Olympics
World Cup
Sports
Athletes
MLB
NBA
NHL
NFL
Soccer
Sports Teams
WWE
NCAA
Football
Premier League
Basketball
Baseball
Hockey
Golf
Tennis
Cricket
Rugby
Auto Racing
Olympics
World Cup
Random Quiz
Search Sporcle
×
Quiz Lab
Quiz Lab
Sports
Football
Type in answers that appear in a list
Type in answers that appear in a list
Classic
Best Score? Go Orange.
Milwaukee Brewers 2008 Roster Stats
Can you name the Players who appeared for the Milwaukee Brewers in 2008?
By
mcnaulty21
15m
44 Questions
272 Plays
272 Plays
272 Plays
Comments
Comments
Give Quiz Kudos
Give Quiz Kudos
-
- Ratings
hide this ad
Replay
Link that replays current quiz
Next Quiz
Link to next quiz in quiz playlist
You Got
0%
They Got
Avg Score
49%
Avg Friend Score
Upgrade to see
Score Distribution
Jump to the score distribution portion of the page
Score
0/44
Timer
15:00
0
Plays Today
Position
Player
% Correct
1B
Prince Fielder
98.9%
LF
Ryan Braun
97.8%
2B
Rickie Weeks
93.4%
SS
JJ Hardy
92.6%
RF
Corey Hart
89%
CF
Mike Cameron
88.6%
SP
Ben Sheets
86.8%
3B
Bill Hall
85.3%
C
Jason Kendall
84.9%
3B/
PH
Craig Counsell
78.7%
SP
CC Sabathia
75%
SP
Dave Bush
74.6%
SP
Jeff Suppan
74.6%
SP
Yovani Gallardo
73.5%
CP
Salomon Torres
59.6%
C
Mike Rivera
57.4%
SP
Manny Parra
55.5%
CP
Eric Gagne
51.8%
PH (3B)
Mat Gamel
51.8%
PH (CF)
Tony Gwynn
48.2%
PH (SS)
Alcides Escobar
47.8%
RP/
SP
Carlos Villanueva
47.4%
Position
Player
% Correct
RP
Derrick Turnbow
44.5%
RP
Todd Coffey
43.4%
RP/
SP
Seth McClung
40.1%
2B
Ray Durham
37.5%
RP
Mitch Stetter
37.5%
RP
Brian Shouse
35.7%
PH (1B)
Brad Nelson
34.6%
CF
Gabe Kapler
33.8%
RP
David Riske
29.8%
3B
Russell Branyan
27.9%
CF
Gabe Gross
26.8%
RP
Guillermo Mota
25.4%
PH
Angel Salome
22.8%
PH (2B)
Hernan Iribarren
19.5%
RP
Mark DiFelice
18%
RP
Tim Dillard
16.2%
PH (2B)
Joe Dillon
15.1%
PH (3B)
Mike Lamb
14.3%
PH
Vinny Rottino
13.6%
RP
Zach Jackson
13.2%
PH (LF)
Laynce Nix
11%
RP
Julian Tavarez
8.5%
Quiz Playlist
Details
Report
Send in Message
Add To Playlist
Classic:
Type in answers that appear in a list
Quiz Source
Last Updated: Feb 16, 2017
Quiz Scoreboard
CHALLENGE
Sign Up to Join the Scoreboard
Show All
Scores
Hide
Comments
May contain spoilers
Recently Published
An Introduction to Baseball
by treessimontrees
Sports
5m
Movies - When Are They Set?
by FPL_Elf
Movies
5m
Popular People in 1961
by mucciniale
History
6m
More to Explore
Quiz From the Vault
Featured Blog Post
Where Did the Easter Bunny Come From?
hide this ad
You Might Also Like...
Tags
Football Quiz
2008
Brewer
Milwaukee
Milwaukee Brewers
Player
Roster
Today's Top Quizzes in Sports
Browse Sports
hide this ad
Today's Top Quizzes in Football
Browse Football
Top Contributed Quizzes in Sports
1
Les meilleurs buteurs des matchs entre le PSG et l’OM
2
2022 World Cup Stars
3
FIFA Club World Cup Champions
4
Les entraîneurs de l'OM et du PSG au 21e siècle
5
Name the Premier League winners with different clubs
6
La finale Lions - Afrique du Sud 2021
7
Criteria MLB: Left Handed Sluggers
8
Les joueurs passés par le LOSC et le RC Lens
9
Players with Multiple 50 Home Run Seasons
10
MLB Players with Two .350 Batting Average Seasons
Explore More
Trending Topics
Kpop
Harry Potter
Crossword
Disney
Anime
NBA
Marvel
The Office
Puzzle
Song
Soccer
Country
NFL
Pokémon
WWE
hide this ad
More By:
mcnaulty21
Quiz
Plays
Rating
Category
Featured
Created
USMNT: 2009 Confederations Cup Roster
454
4.60
Sports
Nov 6, 2009
USMNT: 2006 World Cup Roster
381
4.25
Sports
Nov 6, 2009
Milwaukee Brewers 2008 Roster
272
5.00
Sports
Jan 18, 2010
USMNT: 2002 World Cup Roster
240
4.00
Sports
Nov 6, 2009
MLS All-Time Team Names
211
3.25
Sports
Nov 25, 2009
Go to Creator's Profile
Score Distribution
Quiz Creator Spotlight
mcnaulty21
Follow
Send a Message
Quizzes Created
-
Created Quiz Play Count
-
More By This Creator
Popular Quizzes Today
1
Find the Countries of Europe - No Outlines Minefield
2
Find the US States - No Outlines Minefield
3
The Countries of the World
4
Popular People in 1961
5
US States
6
1-10 Letter E Words III
7
Find the US States
8
Risky Map Clicking: Biggest States A-Z
More Sports Quizzes
Olympic Football (Soccer) Medal Winners
Published
Trending Quizzes
Risky Map Clicking: Least Populous States A-Z
1-10 Letter F Words
1-10 Letter G Words
One Thing in Common: United Kingdom
Risky Map Clicking: Next State Alphabetically
Recently Updated
Leaping Animals
pecheneg
Reality TV Shows (A-Z)
bhenderson79
Rickey Henderson's Hall of Fame Teammates
pecheneg
Champions League XIs: Arsenal
pecheneg
Quick Pick: Celebrities in WWE's Hall of Fame
aduchscher
A-Z Keypad Blitz II
pecheneg
Multiple Oscar Actors
pecheneg
Mystery Phrase Blitz: Oscar 'Best Actors'
pecheneg
F. Scott Fitzgerald Novels
LTH
Pick 3 Villains
ddd62291
Trending Topics
Marvel
Anime
Harry Potter
Kpop
Crossword
Disney
NBA
WWE
Song
Soccer
Puzzle
Country
The Office
NFL
Pokémon
Your Account Isn't Verified!
In order to create a playlist on Sporcle, you need to verify the email address you used during registration. Go to your
Sporcle Settings
to finish the process.
Report this User
Report this user for behavior that violates our
Community Guidelines
.
Details:
Send Report
Go to the Sporcle.com Mobile Site →
Comments